Živé obrazy

Main Author: Hůlka, Daniel, 1968-
Language: Czech
Published: Praha : Monitor-EMI, p1999
Physical Description: 1 CD ; 12 cm + 1 brožura [12 s.].
Audio
Saved in:
LEADER 01413njm a2200457 a 4500
001 000292306
003 CZ BrMZK
005 19990305143423.0
008 990305s1999 xr f cze d
028 0 3 |a 7243 5 22567 2 3  |b Monitor-EMI 
040 |a BOA001  |b cze 
080 |a 784.4"199"(086.7)  |2 MRF 
100 1 |a Hůlka, Daniel,  |d 1968-  |7 jn20000401154  |4 prf 
245 1 0 |a Živé obrazy  |h [zvukový záznam] /  |c Daniel Hůlka. 
246 3 3 |a Pár tvých pout 
246 3 3 |a Rok dvoutisící 
246 3 3 |a SOS 
246 3 3 |a Za to nemohou andělé 
246 3 3 |a Zeď 
246 3 3 |a Šachy 
246 3 3 |a Chrám 
246 3 3 |a Duet pro Mařenku a Daniela 
246 3 3 |a Gabriel 
246 3 3 |a Hvězdář 
246 3 3 |a Když vchází soumrak 
246 3 3 |a Loď bláznů 
246 3 3 |a Modlitba 
246 3 3 |a Mít kam jít 
246 3 3 |a Neptej se, proč jdu ti sbohem dát 
246 3 3 |a Pohřeb 
260 |a Praha :  |b Monitor-EMI,  |c p1999 
300 |a 1 CD ;  |c 12 cm +  |e 1 brožura [12 s.]. 
500 |a Durata neuv 
500 |a Texty písní v brož. 
500 |a Nahr. 1999 
505 2 |a Gabriel, Šachy, Mít kam jít ... [et al.] 
653 0 |a populární hudba  |a populární písně 
910 |a BOA001  |b CD-0007.660 
964 |a Hudba populární  |z stol.20.,léta 90.  |x CD 
990 |a AV 
996 6 |b 261H008218  |c CD-0007.660  |l MZK  |r Sklad / do 24 hodin  |n 0  |p p.v.  |w 000292306  |u 000010  |a 1  |e BOA001  |j MZK50  |s P